Le Mexique (Record no. 3518)

MARC details
000 -CABECERA
campo de control de longitud fija 00627nam a2200229 a 4500
001 - NÚMERO DE CONTROL
campo de control BRCA_3789
005 - FECHA Y HORA DE LA ÚLTIMA TRANSACCIÓN
campo de control 20190320204426.0
008 - DATOS DE LONGITUD FIJA--INFORMACIÓN GENERAL
campo de control de longitud fija 151109s1857----fr-#---###---#000-0#fre-#
041 ## - CÓDIGO DE LENGUA
Código de lengua del texto/banda sonora o título independiente fre
044 ## - CÓDIGO DEL PAÍS DE LA ENTIDAD EDITORA/PRODUCTORA
Código MARC del país fr
050 #4 - SIGNATURA TOPOGRÁFICA DE LA BIBLIOTECA DEL CONGRESO
Número de clasificación F1213
Número de documento/Ítem .F67 1857
100 1# - ENTRADA PRINCIPAL--NOMBRE DE PERSONA
Nombre de persona Fossey, Mathieu de, comte.
9 (RLIN) 9873
245 10 - MENCIÓN DE TÍTULO
Título Le Mexique
Mención de responsabilidad, etc. par Mathieu de Fossey.
260 ## - PUBLICACIÓN, DISTRIBUCIÓN, ETC.
Lugar de publicación, distribución, etc. París
Nombre del editor, distribuidor, etc. Henri Plon
Fecha de publicación, distribución, etc. 1857
300 ## - DESCRIPCIÓN FÍSICA
Extensión viii, 581 p.
Dimensiones 23 cm.
500 ## - NOTA GENERAL
Nota general Para la traducción al español ver B00031.
500 ## - NOTA GENERAL
Nota general B148
650 14 - PUNTO DE ACCESO ADICIONAL DE MATERIA--TÉRMINO DE MATERIA
Término de materia o nombre geográfico como elemento de entrada Viajeros franceses.
9 (RLIN) 7982
651 #4 - PUNTO DE ACCESO ADICIONAL DE MATERIA--NOMBRE GEOGRÁFICO
Nombre geográfico México
Subdivisión de forma Descripción y viajes.
9 (RLIN) 9874
902 ## - CATALOGADOR
Iniciales GFM
942 ## - ELEMENTOS DE PUNTO DE ACCESO ADICIONAL (KOHA)
Fuente del sistema de clasificación o colocación Library of Congress Classification
Tipo de ítem Koha Libros
Holdings
Estado de retiro Estado de pérdida Estado dañado No para préstamo Localización permanente Ubicación/localización actual Fecha de adquisición Número de inventario Total de préstamos Signatura topográfica completa Código de barras Fecha visto por última vez Precio válido a partir de Tipo de ítem Koha
El ejemplar forma parte de la colección y puede ser consultado según las políticas vigentes.       Biblioteca del Museo Franz Mayer (Rogerio Casas-Alatriste) Biblioteca del Museo Franz Mayer (Rogerio Casas-Alatriste) 15/11/2009 B148   F1213 .F67 1857 (B148) 3786 22/03/2019 22/03/2019 Libros